[Event "CZE-ch rapid U20"]
[Site "Ceska Trebova"]
[Date "2020.09.20"]
[Round "8"]
[White "Volak, Simon"]
[Black "Popovsky, Ondrej"]
[Result "1-0"]
[WhiteElo "1681"]
[BlackElo "1493"]
[PlyCount "132"]
[EventDate "2020.09.19"]
[EventType "swiss (rapid)"]
[EventRounds "9"]
[EventCountry "CZE"]
[SourceTitle "CBM 198 Extra"]
[Source "ChessBase"]
[SourceDate "2020.11.30"]
[SourceVersion "1"]
[SourceVersionDate "2020.11.30"]
[SourceQuality "1"]

1. e4 d6 2. d4 Nf6 3. Nc3 Nbd7 4. Nf3 e5 5. Bc4 Be7 6. 0-0 h6 7. a4 c6 8. a5 Qc7 9. Qe2 Nf8 10. b4 g5 11. d5 Ng6 12. dxc6 bxc6 13. b5 Bd7 14. b6 Qb8 15. Be3 Nf4 16. Qd2 a6 17. Rab1 Bc8 18. Rfd1 Bb7 19. Bf1 Rg8 20. Kh1 h5 21. g3 Ne6 22. Nxg5 Nxg5 23. Bxg5 Qc8 24. Bg2 Qg4 25. Bxf6 Bxf6 26. Qe2 Qe6 27. Rd2 h4 28. Qf3 hxg3 29. fxg3 Be7 30. Rbd1 Rg5 31. Bf1 d5 32. exd5 cxd5 33. Nxd5 Kf8 34. c4 e4 35. Qe3 Qe5 36. Bg2 Rc8 37. Nc7 Bc5 38. Qf4 Qxf4 39. gxf4 Rg4 40. Rd8+ Rxd8 41. Rxd8+ Kg7 42. Nd5 e3 43. Re8 Rg6 44. f5 Rg4 45. Bf3 Rxc4 46. f6+ Kh7 47. Kg2 Rc2+ 48. Kg3 e2 49. Rxe2 Rxe2 50. Bxe2 Bxd5 51. Bxa6 Kg6 52. h4 Kxf6 53. Kf4 Bd6+ 54. Ke3 Ke5 55. Bc8 Bc5+ 56. Ke2 f5 57. b7 Ba7 58. a6 Bf7 59. Kf3 Bh5+ 60. Kg2 Kf4 61. Bd7 Be2 62. Bc8 Bf3+ 63. Kf1 Bg4 64. Kg2 Ke5 65. Bd7 Bh5 66. Bc6 f4 1-0

[Event "CZE-ch rapid U20"]
[Site "Ceska Trebova"]
[Date "2020.09.19"]
[Round "1"]
[White "Popovsky, Ondrej"]
[Black "Ludvik, Tomas"]
[Result "0-1"]
[WhiteElo "1493"]
[BlackElo "1997"]
[PlyCount "44"]
[EventDate "2020.09.19"]
[EventType "swiss (rapid)"]
[EventRounds "9"]
[EventCountry "CZE"]
[SourceTitle "CBM 198 Extra"]
[Source "ChessBase"]
[SourceDate "2020.11.30"]
[SourceVersion "1"]
[SourceVersionDate "2020.11.30"]
[SourceQuality "1"]

1. d4 d5 2. Nf3 Nf6 3. e3 c5 4. c3 Nc6 5. Bd3 Bg4 6. Nbd2 e6 7. 0-0 Bd6 8. Re1 0-0 9. dxc5 Bxc5 10. b4 Bd6 11. e4 Qc7 12. Qb3 Ne5 13. Nxe5 Bxe5 14. h3 Qxc3 15. Rb1 dxe4 16. Qxc3 Bxc3 17. Rb3 Rac8 18. hxg4 exd3 19. g5 Nd5 20. Rd1 Bxb4 21. Rxd3 Nf4 22. Rd7 Rxc1 0-1

[Event "Ricany op"]
[Site "Ricany"]
[Date "2020.08.22"]
[Round "1"]
[White "Rehak, Martin"]
[Black "Popovsky, Ondrej"]
[Result "1/2-1/2"]
[WhiteElo "2023"]
[BlackElo "1766"]
[PlyCount "39"]
[EventDate "2020.08.22"]
[EventType "swiss"]
[EventRounds "9"]
[EventCountry "CZE"]
[SourceTitle "CBM 198 Extra"]
[Source "ChessBase"]
[SourceDate "2020.11.30"]
[SourceVersion "1"]
[SourceVersionDate "2020.11.30"]
[SourceQuality "1"]

1. e4 d6 2. f4 Nf6 3. d3 e5 4. Nf3 Nc6 5. g3 Be7 6. Bg2 h5 7. 0-0 Bg4 8. h3 Bd7 9. f5 g6 10. fxg6 fxg6 11. Ng5 Nd4 12. Nd2 Ne6 13. Ndf3 Nh7 14. Nxe6 Bxe6 15. d4 Qd7 16. Kh2 g5 17. d5 Bf7 18. Be3 g4 19. Nd2 h4 20. Qxg4 1/2-1/2

[Event "Mlada Boleslav Region-ch U14"]
[Site "Mlada Boleslav"]
[Date "2017.06.25"]
[Round "6"]
[White "Nemecek, Lukas"]
[Black "Popovsky, Ondrej"]
[Result "0-1"]
[WhiteElo "1641"]
[BlackElo "1524"]
[PlyCount "70"]
[EventDate "2017.06.24"]
[EventType "swiss"]
[EventRounds "7"]
[EventCountry "CZE"]
[SourceTitle "CBM 179 Extra"]
[Source "ChessBase"]
[SourceDate "2017.08.23"]
[SourceVersion "1"]
[SourceVersionDate "2017.08.23"]
[SourceQuality "1"]

1. e4 e5 2. Nf3 Nc6 3. d4 exd4 4. Bc4 h6 5. 0-0 d6 6. Nxd4 Nxd4 7. Qxd4 Qf6 8. Qd3 Ne7 9. Nc3 c6 10. a4 Ng6 11. f4 Be6 12. Bxe6 fxe6 13. Be3 Be7 14. Bd4 Qf7 15. g3 0-0 16. Be3 c5 17. Nb5 Rfd8 18. c4 a6 19. Nc3 b6 20. b3 Bf6 21. Rad1 Ne7 22. Ne2 Nc6 23. f5 Nb4 24. Qd2 d5 25. fxe6 Qxe6 26. exd5 Qe7 27. Nf4 Re8 28. Ne6 Nc6 29. Bf4 Nd4 30. Nxd4 Bxd4+ 31. Kg2 Qe4+ 32. Kh3 g5 33. Rde1 Qg6 34. Be3 g4+ 35. Kg2 Qe4+ 0-1

[Event "CZE-chT U18 Extraliga West 1617"]
[Site "Czech Republic"]
[Date "2016.12.03"]
[Round "5.5"]
[White "Popovsky, Ondrej"]
[Black "Pravda, Krystof"]
[Result "1-0"]
[WhiteElo "1434"]
[BlackElo "1801"]
[PlyCount "81"]
[EventDate "2016.10.01"]
[EventType "team-tourn"]
[EventRounds "11"]
[EventCountry "CZE"]
[SourceTitle "EXT 2022"]
[Source "ChessBase"]
[SourceDate "2021.10.06"]
[SourceVersion "1"]
[SourceVersionDate "2021.10.06"]
[SourceQuality "1"]
[WhiteTeam "Bustehrad U18"]
[BlackTeam "Praha Kobylisy U18"]
[WhiteTeamCountry "CZE"]
[BlackTeamCountry "CZE"]

1. d4 d5 2. Bf4 Nf6 3. e3 Bf5 4. c4 e6 5. Qb3 b6 6. Nc3 Bd6 7. Bxd6 Qxd6 8. cxd5 exd5 9. Rc1 c6 10. Nf3 Nbd7 11. Be2 0-0 12. 0-0 Bg4 13. h3 Bh5 14. Nd2 Bg6 15. Bf3 Rfe8 16. Rfe1 Ne4 17. Ncxe4 dxe4 18. Be2 c5 19. Nc4 Qf6 20. Bg4 Red8 21. Rcd1 Bf5 22. Bxf5 Qxf5 23. Nd6 Qg6 24. Nb5 a6 25. Nc3 b5 26. Qc2 f5 27. Nd5 Qg5 28. Nc7 c4 29. Nxa8 Rxa8 30. a4 Nb6 31. axb5 axb5 32. Ra1 Rf8 33. Ra6 Nd5 34. Rd6 Nb4 35. Qd2 Nd3 36. Rd5 Nxe1 37. Qxe1 Qf6 38. Rxb5 f4 39. Re5 Qb6 40. Qc3 fxe3 41. fxe3 1-0

[Event "Mlada Boleslav Region-ch"]
[Site "Mlada Boleslav"]
[Date "2015.06.21"]
[Round "5"]
[White "Popovsky, Ondrej"]
[Black "Svejk, Martin"]
[Result "0-1"]
[WhiteElo "1298"]
[BlackElo "1401"]
[PlyCount "76"]
[EventDate "2015.06.20"]
[EventType "swiss"]
[EventRounds "7"]
[EventCountry "CZE"]
[SourceTitle "EXT 2017"]
[Source "ChessBase"]
[SourceDate "2016.10.25"]
[SourceVersion "1"]
[SourceVersionDate "2016.10.25"]
[SourceQuality "1"]

1. d4 d5 2. Bf4 Nf6 3. Nf3 Bf5 4. e3 e6 5. c4 Bb4+ 6. Nbd2 0-0 7. a3 Bd6 8. Bg3 Nc6 9. Nh4 Bxg3 10. hxg3 Bg6 11. Nxg6 fxg6 12. Be2 Qd7 13. 0-0 Rf7 14. Bf3 Raf8 15. cxd5 exd5 16. Rc1 g5 17. g4 Re8 18. Rc2 Ne4 19. Nxe4 dxe4 20. Be2 Rf6 21. Bb5 a6 22. Ba4 b5 23. Bb3+ Kh8 24. Qe2 Qd6 25. Rfc1 Rh6 26. g3 Qd7 27. a4 Rb8 28. d5 Ne5 29. Rxc7 Nf3+ 30. Kf1 Rh1+ 31. Kg2 Rh2+ 32. Kf1 Qxg4 33. Qxf3 exf3 34. Ke1 Rh1+ 35. Kd2 Rxc1 36. Kxc1 Rc8 37. d6 Rxc7+ 38. dxc7 Qc8 0-1

[Event "Mlada Boleslav Region-ch U20"]
[Site "Mlada Boleslav"]
[Date "2014.06.22"]
[Round "5"]
[White "Bohac, Jaroslav1111"]
[Black "Popovsky, Ondrej"]
[Result "1/2-1/2"]
[WhiteElo "1237"]
[BlackElo "1224"]
[PlyCount "64"]
[EventDate "2014.06.21"]
[EventType "swiss"]
[EventRounds "7"]
[EventCountry "CZE"]
[SourceTitle "EXT 2016"]
[Source "ChessBase"]
[SourceDate "2015.10.08"]
[SourceVersion "1"]
[SourceVersionDate "2015.10.08"]
[SourceQuality "1"]

1. e4 e5 2. Nf3 Nc6 3. Bc4 Bc5 4. c3 Qe7 5. 0-0 d6 6. d4 Bb6 7. Bb5 Bd7 8. Bg5 Nf6 9. dxe5 Nxe5 10. Bxd7+ Nexd7 11. Re1 0-0 12. Bxf6 Qxf6 13. Nbd2 Ne5 14. h3 Rfe8 15. Rf1 Nxf3+ 16. Nxf3 Rab8 17. Qd3 c6 18. Rae1 Rbd8 19. Nh2 Qe6 20. Ng4 Qxa2 21. Qg3 Qe6 22. e5 Bc7 23. exd6 Qxd6 24. Rxe8+ Rxe8 25. f4 Bb6+ 26. Kh1 a5 27. Qf3 f5 28. Ne5 Qd5 29. Qh5 g6 30. Qg5 Qd8 31. Qh6 Bc7 32. Nf3 Re7 1/2-1/2